000 00716nam a2200193 i 4500
001 89298
003 ES-MaACL
005 20250813063311.0
007 t|
008 050110s1952 sp ||||1| spa d
100 1 _aLarraz, José,
_d1904-1973
_970328
245 1 0 _aMetodología aplicativa del Derecho Tributario
_b: discurso leído el día 16 de abril de 1952 /
_cpor José Larraz López ; y contestación de José Castán Tobeñas.
260 _aMadrid :
_b[s.n.],
_c1952 (
_fImp. Vda. de Galo Sèz)
300 _a94 p. ;
_c25 cm.
700 1 _aCastán Tobeñas, José,
_d1889-1969
_936392
852 _aES-MaACL
_j1963-F-7
_bR.32387
852 _aES-MaACL
_j1932-F-17
_bR.32186
999 _c89298
_d89298